| 000 | 01013nam a22002897i 4500 | ||
|---|---|---|---|
| 003 | EG-ScBUE | ||
| 005 | 20221123144058.0 | ||
| 008 | 220731s1993 ua f 000 0 ara d | ||
| 017 | _a1993 / 2096 | ||
| 020 | _a9770132640 | ||
| 040 |
_aEG-ScBUE _bara _erda _cEG-ScBUE _dEG-ScBUE |
||
| 043 | _af-ua--- | ||
| 082 | 0 | 4 |
_222 _a366.10962 _bش ل ش |
| 100 | 1 |
_aشلش، علي، _d1935-1993، _eمؤلف. |
|
| 245 | 1 | 2 |
_aالماسونية في مصر / _cد. على شلش. |
| 264 | 1 |
_aالقاهرة : _bالهيئة المصرية العامة للكتاب، _c1993. |
|
| 300 |
_a160 صفحة ؛ _c24 سم. |
||
| 336 |
_2rdacontent _aنص _btxt |
||
| 337 |
_2rdamedia _aبدون وسيط _bn |
||
| 338 |
_2rdacarrier _aمجلد _bnc |
||
| 490 | 0 |
_aمصر النهضة. _aمركز وثائق وتاريخ مصر المعاصر ؛ _v41 |
|
| 541 | _aBook from store. | ||
| 650 | 7 |
_aالماسونية _xتاريخ _zمصر. _2BUEsh |
|
| 653 |
_bGGEN _cNovember2022 |
||
| 655 | _vReading book | ||
| 942 | _2ddc | ||
| 999 |
_c30024 _d29995 |
||